Applying agreed-upon procedures : fiscal year 2009 Highway Trust Fund excise taxes /

Bibliographic Details
Main Author: Sebastian, Steven J.
Corporate Author: United States. Government Accountability Office
Format: Government Document eBook
Language:English
Published: Washington, DC : U.S. Govt. Accountability Office, [2009]
Subjects:
Online Access:https://purl.fdlp.gov/GPO/LPS120306

MARC

Tag First Indicator Second Indicator Subfields
LEADER 00000cam a2200000 a 4500
001 in00002592813
005 20211202193218.0
006 m d f
007 cr mn|||||||||
008 100317s2009 dcu sb f000 0 eng c
035 |a (OCoLC)ocn557310396 
040 |a GPO  |c GPO  |d MvI  |d UtOrBLW 
042 |a pcc 
043 |a n-us--- 
049 |a WWW 
074 |a 0545-A-04 (online) 
086 0 |a GA 1.41:GAO-10-93 R 
088 |a GAO-10-93 R 
100 1 |a Sebastian, Steven J. 
245 1 0 |a Applying agreed-upon procedures :  |b fiscal year 2009 Highway Trust Fund excise taxes /  |c [Steven J. Sebastian]. 
246 3 |a Applying agreed upon procedures :  |b fiscal year two thousand nine Highway Trust Fund excise taxes 
246 3 0 |a Highway Trust Fund excise taxes 
246 1 7 |a Highway Trust Fund excise tax procedures 
264 1 |a Washington, DC :  |b U.S. Govt. Accountability Office,  |c [2009] 
300 |a 1 online resource (14 pages) 
336 |a text  |b txt  |2 rdacontent 
337 |a computer  |b c  |2 rdamedia 
338 |a online resource  |b cr  |2 rdacarrier 
500 |a Title from PDF caption title screen (GAO, viewed Mar. 11, 2009). 
500 |a "November 5, 2009." 
504 |a Includes bibliographical references. 
500 |a "GAO-10-93R." 
500 |a Electronic resource. 
610 1 0 |a United States.  |b Internal Revenue Service  |x Accounting. 
650 0 |a Excise tax  |z United States. 
650 0 |a Distribution (Economic theory) 
710 1 |a United States.  |b Government Accountability Office. 
856 4 0 |u https://purl.fdlp.gov/GPO/LPS120306  |t 0 
999 |a MARS 
999 f f |s dca9c14f-0a60-3b7c-9f2f-dc7ec876e60c  |i b14d87da-dfcd-3f0b-a9e5-43df1571ad48  |t 0 
952 f f |a Texas A&M University  |b College Station  |c Electronic Resources  |d Available Online  |t 0  |e GA 1.41:GAO-10-93 R  |h Superintendent of Documents classification 
998 f f |a GA 1.41:GAO-10-93 R  |t 0  |l Available Online